| 000 | 00591nam a2200205Ia 4500 | ||
|---|---|---|---|
| 003 | IN-BaIIA | ||
| 008 | 211028s9999 xx 000 0 eng d | ||
| 020 | _a978-81-7758-748-7 | ||
| 040 | _cIIA Library | ||
| 080 |
_a621.38.032 _bWIT |
||
| 100 |
_aWitte, Robert A _934975 |
||
| 245 | 0 |
_aElectronic test instrument _banalog and digital measurements _cRobert A. Witte |
|
| 250 | _a2nd ed. | ||
| 260 |
_aDelhi _bPearson _c2009 |
||
| 300 | _axvi, 371p. | ||
| 650 |
_aAnlog Insurements _934976 |
||
| 650 |
_aDigital Insurements _934977 |
||
| 650 |
_aElectronic instruments _93526 |
||
| 942 | _cBK | ||
| 999 |
_c18271 _d18271 |
||